Thermal stability, swelling behaviour and dielectric properties of NBR/PVC-PVAc blends (Record no. 71238)

MARC details
000 -LEADER
fixed length control field 00569nam a2200205Ia 4500
100 ## - MAIN ENTRY--AUTHOR NAME
Personal name Botros S H
245 #0 - TITLE STATEMENT
Title Thermal stability, swelling behaviour and dielectric properties of NBR/PVC-PVAc blends
260 ## - PUBLICATION, DISTRIBUTION, ETC. (IMPRINT)
Name of publisher Kautschuk Gummi Kunststoffe
Year of publication 2000
300 ## - PHYSICAL DESCRIPTION
Number of Pages 722-729
650 ## - SUBJECT ADDED ENTRY--TOPICAL TERM
Topical Term Dielectric constant
650 ## - SUBJECT ADDED ENTRY--TOPICAL TERM
Topical Term Dielectric loss
650 ## - SUBJECT ADDED ENTRY--TOPICAL TERM
Topical Term NBR blends
650 ## - SUBJECT ADDED ENTRY--TOPICAL TERM
Topical Term Swelling
650 ## - SUBJECT ADDED ENTRY--TOPICAL TERM
Topical Term Thermal stability
700 ## - ADDED ENTRY--PERSONAL NAME
Personal name El Kashef I M
700 ## - ADDED ENTRY--PERSONAL NAME
Personal name Kenawy M E
700 ## - ADDED ENTRY--PERSONAL NAME
Personal name Younan A F
942 ## - ADDED ENTRY ELEMENTS (KOHA)
Koha item type Journals
Holdings
Withdrawn status Lost status Damaged status Not for loan Home library Current library Shelving location Date acquired Serial Enumeration / chronology Koha item type
      Journals RRII Library RRII Library Rubber chemistry 17/12/2021 Volume 53, Issue 12 Journals